[Event "AUTO-OPEN-420"]
[Site "http://www.queenalice.com/game.php?id=117660"]
[Date "2006.10.16"]
[Round "1"]
[White "xmas"]
[Black "IctusCordis"]
[Result "0-1"]
[WhiteElo "1548"]
[BlackElo "1833"]

1. d4 Nf6 2. c4 e6 3. Nf3 d5 4. Ne5 Bb4+ 5. Nd2 Ne4 6. a3 Bxd2+ 7. Bxd2 Qf6 8.
f3 Qh4+ 9. g3 Nxg3 10. Kf2 Nxh1+ 11. Ke3 Qf2+ 12. Kd3 Qxh2 13. Kc2 Ng3 14. Rc1
Qg1 15. Kb1 Qxf1 16. Qxf1 Nxf1 17. Bf4 c6 18. Rxf1 O-O 19. Rg1 g6 20. Bh6 Re8
21. e3 Nd7 22. cxd5 exd5 23. f4 Nxe5 24. fxe5 Bf5+ 25. Kc1 a5 26. Kd2 b5 27. b4
axb4 28. axb4 Ra2+ 29. Ke1 Ra1+ 30. Kf2 Rxg1 31. Kxg1 Ra8 32. Kf2 Ra4 33. Kf3
Rxb4 34. Bg5 h5 35. Ke2 Ra4 36. Kf3 b4 37. Bh4 b3 38. Kf4 b2 39. Kg5 b1=Q 40.
Kf6 Qb8 41. Bg5 Qd8# 0-1

[Event "AUTO-OPEN-420"]
[Site "http://www.queenalice.com/game.php?id=117661"]
[Date "2006.10.16"]
[Round "1"]
[White "IctusCordis"]
[Black "xmas"]
[Result "1-0"]
[WhiteElo "1828"]
[BlackElo "1510"]

1. d4 d5 2. c4 Nf6 3. Nc3 e6 4. e3 Bb4 5. Nf3 Bxc3+ 6. bxc3 O-O 7. Bd3 Nc6 8.
O-O a5 9. Qc2 dxc4 10. Bxc4 Bd7 11. Bd2 Ne7 12. Bd3 b5 13. a3 c6 14. c4 b4 15.
axb4 axb4 16. Bxb4 Rxa1 17. Rxa1 Re8 18. Ne5 Qb8 19. Nxd7 Nxd7 20. Bxe7 Rxe7 21.
Bxh7+ Kf8 22. Be4 e5 23. Bxc6 exd4 24. exd4 Qa7 25. Rd1 Qc7 26. Bxd7 Qxd7 27. h3
Qe8 28. Kf1 Qb8 29. Qh7 Qh2 30. Qh8# 1-0

[Event "AUTO-OPEN-420"]
[Site "http://www.queenalice.com/game.php?id=117690"]
[Date "2006.10.16"]
[Round "1"]
[White "IctusCordis"]
[Black "Warrior"]
[Result "0-1"]
[WhiteElo "1797"]
[BlackElo "1995"]

1. d4 Nf6 2. c4 e6 3. Nf3 Bb4+ 4. Bd2 Qe7 5. a3 Bxd2+ 6. Nbxd2 O-O 7. e4 d6 8.
b4 b6 9. Be2 Nbd7 10. O-O Bb7 11. Qc2 c5 12. dxc5 bxc5 13. b5 d5 14. Rfe1 Nxe4
15. Nxe4 dxe4 16. Nd2 f5 17. Nb3 Rad8 18. Rad1 Nf6 19. h3 Nd7 20. a4 Ne5 21. Na5
Ba8 22. Qc3 Qf6 23. Qe3 Qe7 24. Nb3 f4 25. Qxc5 Qxc5 26. Nxc5 Kf7 27. Bh5+ g6
28. Bg4 Nxg4 29. hxg4 Rxd1 30. Rxd1 Re8 31. Rd7+ Re7 32. Rd4 e5 33. Nxe4 exd4
0-1

[Event "AUTO-OPEN-420"]
[Site "http://www.queenalice.com/game.php?id=117691"]
[Date "2006.10.16"]
[Round "1"]
[White "Warrior"]
[Black "IctusCordis"]
[Result "1-0"]
[WhiteElo "1934"]
[BlackElo "1842"]

1. e4 c5 2. Nc3 d6 3. f4 e6 4. Nf3 g6 5. Bb5+ Bd7 6. Bc4 Bg7 7. O-O Ne7 8. d3
Qc7 9. Qe1 Nbc6 10. Qh4 O-O-O 11. a3 Kb8 12. Be3 h6 13. Nb5 Qa5 14. Nxd6 Rhf8
15. e5 Nc8 16. b4 1-0

[Event "Let's Play Chess!"]
[Site "http://www.queenalice.com/game.php?id=119260"]
[Date "2006.10.20"]
[Round "-"]
[White "Indira"]
[Black "IctusCordis"]
[Result "0-1"]
[WhiteElo "1208"]
[BlackElo "1844"]

1. e4 c5 2. Bc4 d6 3. Nc3 Nf6 4. Nf3 a6 5. O-O b5 6. Bd5 Nxd5 7. Nxd5 e6 8. Nc3
Be7 9. d3 Bb7 10. Bf4 Qb6 11. h3 Nc6 12. a3 O-O 13. Re1 h6 14. e5 Rfd8 15. Ne4
d5 16. Ng3 c4 17. d4 Kf8 18. c3 Na5 19. Re3 Nb3 20. Rb1 a5 21. Nd2 Nxd2 0-1

[Event "Let's Play Chess!"]
[Site "http://www.queenalice.com/game.php?id=119261"]
[Date "2006.10.20"]
[Round "-"]
[White "IctusCordis"]
[Black "Indira"]
[Result "1-0"]
[WhiteElo "1844"]
[BlackElo "1208"]

1. Nf3 e6 2. d4 d5 3. c4 Nf6 4. e3 Nc6 5. a3 a6 6. Nc3 h6 7. Bd3 b5 8. cxb5 axb5
9. Bxb5 Bb7 10. O-O Bd6 11. Qc2 O-O 12. b4 Bxb4 13. Bb2 Ba5 14. Rfd1 Qd6 15. Na4
Ne4 16. Bd3 Nf6 17. Nc5 Bc8 18. h3 Rb8 19. Rab1 Bb6 20. Rdc1 Ne7 21. Ne5 Rd8 22.
Bc3 1-0

[Event "AUTO-OPEN-447"]
[Site "http://www.queenalice.com/game.php?id=128302"]
[Date "2006.11.11"]
[Round "1"]
[White "R_Mutt"]
[Black "IctusCordis"]
[Result "1-0"]
[WhiteElo "2119"]
[BlackElo "1787"]

1. e4 c5 2. Bc4 d6 3. Nf3 Nf6 4. d3 e6 5. O-O a6 6. Bb3 b5 7. Re1 Nc6 8. c3 Bb7
9. Nbd2 Be7 10. a3 Qc7 11. Ba2 O-O 12. Nf1 Rfe8 13. Ng3 Rad8 14. Bf4 Qb6 15. Qd2
Qc7 16. Rad1 Qb6 17. d4 cxd4 18. cxd4 Nxd4 19. Nxd4 e5 20. Ne6 fxe6 21. Bxe6+
Kh8 22. Be3 Qc7 23. Rc1 Qb8 24. Bb6 Rd7 25. Bxd7 Nxd7 26. Bc7 Qa7 27. Nf5 1-0

[Event "AUTO-OPEN-447"]
[Site "http://www.queenalice.com/game.php?id=128303"]
[Date "2006.11.11"]
[Round "1"]
[White "IctusCordis"]
[Black "R_Mutt"]
[Result "0-1"]
[WhiteElo "1792"]
[BlackElo "2138"]

1. d4 d5 2. c4 dxc4 3. e3 Nf6 4. Bxc4 e6 5. Qc2 Nc6 6. a3 Be7 7. Nf3 O-O 8. O-O
Re8 9. Nc3 a6 10. b4 b5 11. Bd3 Nb8 12. Bb2 Bb7 13. Ne4 Nxe4 14. Bxe4 Bxe4 15.
Qxe4 Nd7 16. Qc6 Nf6 17. Rfd1 Bd6 18. e4 Bf8 19. Rac1 Qd6 20. Qxd6 cxd6 21. e5
Nd5 22. exd6 Bxd6 23. Rc6 Bf8 24. g3 a5 25. bxa5 Rxa5 26. Rdc1 Bxa3 27. Rc8 Rxc8
28. Rxc8+ Bf8 29. Ng5 h6 30. Nh7 Kxh7 31. Rxf8 b4 32. Rxf7 Ra2 33. Bc1 Ra1 0-1

[Event "AUTO-OPEN-447"]
[Site "http://www.queenalice.com/game.php?id=128328"]
[Date "2006.11.11"]
[Round "1"]
[White "IctusCordis"]
[Black "carlosot"]
[Result "0-1"]
[WhiteElo "1814"]
[BlackElo "1801"]

1. c4 e6 2. d4 d5 3. Nf3 Nf6 4. e3 c6 5. a3 a5 6. Nc3 Nbd7 7. Bd3 Bd6 8. O-O O-O
9. Qc2 dxc4 10. Bxc4 e5 11. dxe5 Nxe5 12. Nxe5 Bxe5 13. h3 Bb8 14. Rd1 Qc7 15.
f4 Ba7 16. Bd2 b5 17. Be2 Re8 18. Nxb5 Qb6 19. Nxa7 Rxa7 20. Bf3 c5 21. Kh1 Bb7
22. Bxb7 Rxb7 23. Rab1 Ne4 24. Be1 Nf6 0-1

[Event "AUTO-OPEN-447"]
[Site "http://www.queenalice.com/game.php?id=128329"]
[Date "2006.11.11"]
[Round "1"]
[White "carlosot"]
[Black "IctusCordis"]
[Result "1/2-1/2"]
[WhiteElo "1971"]
[BlackElo "1778"]

1. d4 Nf6 2. Nf3 d5 3. e3 e6 4. Bd3 Nbd7 5. Nbd2 c5 6. b3 cxd4 7. exd4 Bb4 8.
Bb2 O-O 9. a3 Bd6 10. O-O a6 11. Ne5 Qc7 12. f4 b5 13. Qf3 Bb7 14. Rae1 b4 15.
Nb1 a5 16. a4 Ba6 17. Rc1 Bxd3 18. cxd3 Qb7 19. Rc2 Rfc8 20. Rfc1 Rxc2 21. Rxc2
Rc8 22. Rxc8+ Qxc8 23. Qd1 Bb8 24. g3 Nxe5 25. dxe5 Ba7+ 26. Kg2 Nd7 27. d4 g6
28. Nd2 h5 29. Nf3 Nf8 30. h3 Nh7 31. g4 hxg4 32. hxg4 Kf8 33. Ne1 Ke7 34. Qd3
Qc7 35. Qh3 1/2-1/2

[Event "AUTO-OPEN-447"]
[Site "http://www.queenalice.com/game.php?id=128330"]
[Date "2006.11.11"]
[Round "1"]
[White "IctusCordis"]
[Black "Luciano_Matte"]
[Result "0-1"]
[WhiteElo "1784"]
[BlackElo "2034"]

1. d4 Nf6 2. c4 d6 3. Nf3 Bg4 4. e3 g6 5. Nbd2 Bg7 6. Be2 O-O 7. O-O c6 8. h3
Bf5 9. Nh4 Bc8 10. Nhf3 Qc7 11. Qc2 e5 12. dxe5 dxe5 13. e4 h6 14. b4 a5 15.
bxa5 Rxa5 16. Bb2 Nh5 17. Nh2 Nf4 18. Bg4 Bxg4 19. Nxg4 h5 20. Nh2 Na6 21. Bc3
Rc5 22. g3 Nxh3+ 23. Kg2 Ng5 24. Bb2 Rd8 25. Nb3 Qc8 26. Kg1 h4 27. Nxc5 Nxc5
28. gxh4 Nh3+ 29. Kg2 Nd3 30. Rad1 Bh6 31. Rxd3 Rxd3 32. Qxd3 Nf4+ 0-1

[Event "AUTO-OPEN-447"]
[Site "http://www.queenalice.com/game.php?id=128331"]
[Date "2006.11.11"]
[Round "1"]
[White "Luciano_Matte"]
[Black "IctusCordis"]
[Result "1-0"]
[WhiteElo "2067"]
[BlackElo "1786"]

1. c4 e5 2. Nc3 Nf6 3. g3 d5 4. cxd5 Nxd5 5. Bg2 Nxc3 6. bxc3 c5 7. d3 Qc7 8.
Qb3 Nc6 9. Nf3 Be7 10. O-O Be6 11. c4 O-O 12. Rb1 Rab8 13. Bd2 h6 14. Bc3 Bf6
15. Nd2 Be7 16. Rfd1 b6 17. Nf3 Nd4 18. Nxd4 exd4 19. Bd2 f5 20. Bf4 Bd6 21.
Bxd6 Qxd6 22. Qa4 a5 23. Rb2 Bd7 24. Qc2 b5 25. cxb5 Rxb5 26. Rdb1 Rxb2 27. Qxb2
Bc6 28. Qb6 Rc8 29. Qxa5 Bxg2 30. Kxg2 Qc6+ 31. Kg1 Ra8 32. Qd2 Qa6 33. Rb2 Qa3
34. Qc2 Ra7 35. Qc4+ Kh7 36. Rc2 Ra5 37. Qe6 Qa4 38. Qxf5+ 1-0

[Event "AUTO-OPEN-410"]
[Site "http://www.queenalice.com/game.php?id=162847"]
[Date "2007.2.2"]
[Round "2"]
[White "IctusCordis"]
[Black "mds"]
[Result "0-1"]
[WhiteElo "1781"]
[BlackElo "2322"]

1. Nf3 Nf6 2. c4 g6 3. d4 c5 4. e3 Bg7 5. Qc2 O-O 6. Nc3 cxd4 7. exd4 d5 8. Be3
Nc6 9. a3 Bg4 10. cxd5 Nxd5 11. Nxd5 Qxd5 12. Be2 Bxf3 13. Bxf3 Nxd4 14. Bxd4
Qxd4 15. O-O Qxb2 16. Qxb2 Bxb2 17. Rab1 Bxa3 18. Rxb7 Bc5 19. Rb5 Rac8 20. Ra1
Bd4 21. Rd1 e5 22. Be4 Rc7 23. g3 Rd8 24. Rd2 Rdd7 0-1

[Event "AUTO-OPEN-410"]
[Site "http://www.queenalice.com/game.php?id=162849"]
[Date "2007.2.2"]
[Round "2"]
[White "IctusCordis"]
[Black "Ginormous"]
[Result "1-0"]
[WhiteElo "1790"]
[BlackElo "1397"]

1. Nf3 d5 2. d4 Nc6 3. e3 Nf6 4. c4 Bg4 5. cxd5 Qxd5 6. Be2 Qa5+ 7. Bd2 Nb4 8.
Nc3 e6 9. a3 Nbd5 10. b4 Qb6 11. Ne5 Bd6 12. Nxg4 Nxc3 13. Nxf6+ gxf6 14. Bxc3
O-O-O 15. Qc2 e5 16. dxe5 fxe5 17. O-O Qc6 18. Bf3 Qc4 19. Rac1 f6 20. Bb2 Qxc2
21. Rxc2 Rhf8 22. e4 c6 23. Rd1 f5 24. exf5 1-0

[Event "AUTO-OPEN-410"]
[Site "http://www.queenalice.com/game.php?id=162850"]
[Date "2007.2.2"]
[Round "2"]
[White "Ginormous"]
[Black "IctusCordis"]
[Result "0-1"]
[WhiteElo "1399"]
[BlackElo "1788"]

1. e4 c5 2. Nc3 d6 3. Nge2 Nf6 4. d4 cxd4 5. Nxd4 a6 6. Bc4 b5 7. Bd5 Nxd5 8.
Nxd5 e6 9. Nc3 Bb7 10. Qd3 Be7 11. O-O O-O 12. Re1 Qc7 13. Bf4 e5 14. Nd5 Bxd5
15. Bd2 Bc4 16. Qg3 exd4 17. b3 Be6 18. Rac1 Rd8 19. e5 dxe5 20. Rxe5 Bf6 21.
Ree1 Qxg3 22. fxg3 Nc6 23. h3 Re8 24. c3 dxc3 25. Bxc3 Bxc3 0-1

[Event "AUTO-OPEN-392"]
[Site "http://www.queenalice.com/game.php?id=192599"]
[Date "2007.4.6"]
[Round "2"]
[White "grandeuberlandia"]
[Black "IctusCordis"]
[Result "1-0"]
[WhiteElo "2282"]
[BlackElo "1790"]

1. d4 Nf6 2. Nf3 e6 3. Bg5 d5 4. c4 c6 5. Nc3 Be7 6. e3 Nbd7 7. Qc2 a6 8. cxd5
cxd5 9. Bd3 g6 10. O-O O-O 11. Rfc1 b5 12. Ne2 Bd6 13. Qc6 Qb6 14. Qxb6 Nxb6 15.
Bxf6 Bb7 16. Ne5 Rac8 17. h3 Rc7 18. Rxc7 Bxc7 19. b3 1-0

[Event "AUTO-OPEN-392"]
[Site "http://www.queenalice.com/game.php?id=192600"]
[Date "2007.4.6"]
[Round "2"]
[White "IctusCordis"]
[Black "grandeuberlandia"]
[Result "0-1"]
[WhiteElo "1794"]
[BlackElo "2280"]

1. d4 d5 2. Nf3 Nf6 3. e3 Bg4 4. Nbd2 e6 5. a3 Nbd7 6. c4 dxc4 7. Bxc4 Be7 8.
Qc2 O-O 9. b4 a5 10. b5 Rc8 11. Bb2 c6 12. Qb3 Nb6 13. Bd3 a4 14. Qd1 c5 15. Be2
c4 16. Nxc4 Nxc4 17. Bxc4 Rxc4 18. O-O Qd5 0-1